000 00425nam a2200157 a 4500
005 20140412111237.0
008 001118s19uu xx 00 eng d
020 _a0-7496-1354-8
050 _aER
_bGe26pr 1993
100 _aThompson, Ruth
245 _aGet set . . . Go! :
_bprinting /
_cRuth Thompson.
260 _aLondon :
_bWatts Books,
_c1993.
300 _a24 p. ; col. ; ill.
650 _aPrinting
999 _c102518
_d102518